Geography Quiz

Random Geography or State Quiz

States by Roman Numerals Quiz Stats

 Plays Quiz not verified by Sporcle

Challenge
Share
Tweet
Embed
Score 0/50 Timer 15:00
0 Plays Today
Roman Numerals State % Correct
IDelaware
98.2%
IIPennsylvania
96.4%
IIINew Jersey
96.4%
XLIXAlaska
96.4%
LHawaii
96.4%
IVGeorgia
94.5%
VConnecticut
94.5%
VIIMaryland
94.5%
VIIISouth Carolina
94.5%
XVirginia
94.5%
XINew York
94.5%
XVKentucky
94.5%
XLIIIIdaho
94.5%
VIMassachusetts
92.7%
IXNew Hampshire
92.7%
XIINorth Carolina
92.7%
XIIIRhode Island
92.7%
XIVVermont
92.7%
XLIVWyoming
92.7%
XLVIOklahoma
92.7%
XLVIINew Mexico
92.7%
XLVIIIArizona
92.7%
XVITennessee
90.9%
XVIIOhio
90.9%
XVIIILouisiana
90.9%
Roman Numerals State % Correct
XXXVIIIColorado
90.9%
XXXIXNorth Dakota
90.9%
XLSouth Dakota
90.9%
XLIIWashington
90.9%
XLVUtah
90.9%
XIXIndiana
89.1%
XXXWisconsin
89.1%
XXXVWest Virginia
89.1%
XLIMontana
89.1%
XXMississippi
87.3%
XXIIllinois
87.3%
XXIIAlabama
87.3%
XXIIIMaine
87.3%
XXIVMissouri
87.3%
XXVArkansas
87.3%
XXVIMichigan
87.3%
XXVIIFlorida
87.3%
XXIXIowa
87.3%
XXXICalifornia
87.3%
XXXIIIOregon
87.3%
XXXIVKansas
87.3%
XXXVINevada
87.3%
XXXVIINebraska
87.3%
XXVIIITexas
85.5%
XXXIIMinnesota
85.5%

You're not logged in!

Compare scores with friends on all Sporcle quizzes.
Join for Free
OR
Log In

You Might Also Like...

Show Comments

Extras

Top Quizzes Today


Score Distribution

Your Account Isn't Verified!

In order to create a playlist on Sporcle, you need to verify the email address you used during registration. Go to your Sporcle Settings to finish the process.

Report this User

Report this user for behavior that violates our Community Guidelines.

Details: